Регионална библиотека "Любен Каравелов" - Русе

Три желания (Запис номер 21217)

MARC детайли
000 -Лидер
Контролно поле с фиксирана дължина 01226nam a2200313 c 4500
003 - Код на организацията, давaща контролен номер
Контролно поле BLK
005 - Дата и час на последна редакция
Контролно поле 20230519132937.0
008 - Елементи от данни с фиксирана дължина
fixed length control field 180413b bul|||||r ||||||| ||bul||
010 ## - Наследен системен номер
LC control number KNG00023493000
020 ## - Международен стандартен номер на книга ISBN
Международен стандартен номер на книга ISBN 954-459-504-Х
040 ## - Източник на каталожния запис
Идентификатор на билиотеката - собственик на записа BLK
041 ## - Код за език
Код за езика на текст/звукозапис или на отделно заглавие Български
Код за езика КДБФ Български
080 ## - УДК
Текстов определител УДК Американска литература (на САЩ)
УДК код - определител по УДК 821.111(73)
УДК определител -31
УДК - код + определител 821.111(73)-31
100 1# - Редна дума - Автор
Автор Делински, Барбара
Авторска отговорност първи автор
R(LIN) 59608
139 ## - Редно поле
Редна дума Делински, Барбара
Авторски знак Дели - Д 37
245 10 - Сведения за заглавието
Заглавие Три желания
Подзаглавни данни Роман
Редно поле (дума) Барбара Делински; прев. от англ. Мария Тоскова.
257 ## - Страна на издаване
Страна на създаване/издаване Съединени американски щати
260 ## - Област на издателските данни
Име на издателя, разпространителя и проч. Хермес
Година на издаване 1998
Печатница Хасково : Полиграфюг
Място на издаване, разпространение и проч. Пловдив
300 ## - Физическа характеристика
Страници 318 с.
Размери/Мащаб 20 см
380 ## - Жанр
Жанр Худож. лит.
490 ## - СЕРИИ (Колекции)
Име на серия Мегаселър
9 (RLIN) 201185
500 ## - Общи забележки
Забележка Ориг. загл. Three wishes / Barbara Delinsy.
700 1# - Други автори (авторска отговорност)
Лично име Тоскова, Мария Димитрова
Автороска отговорност (Описва отношението между автора и произведението) прев. от англ.
9 (RLIN) 265516
852 ## - Местоположение
Форматна сигнатура Цб 318105
Фондова буква Основен фонд - ползва се само за читалня
856 4# - Електронен адрес и достъп
Електронен формат pdf - файл
Път до файла /url/
Инструкция (цена за достъп) 0.00
Права за достъп disable
856 4# - Електронен адрес и достъп
Електронен формат pdf - файл
Път до файла /url/
Инструкция (цена за достъп) 0.00
Права за достъп disable
999 ## - СИСТЕМНИ КОНТРОЛНИ НОМЕРА
Koha biblionumber 21217
Koha biblioitemnumber 21217
942 ## - АРТИКУЛИ
Вид на библиотечния материал Книги
Скрит в OPAC Не
Koha issues (borrowed), all copies 28
Периодичен библиозапис Да
944 ## - СЪЗДАВАНЕ И РЕДАКЦИЯ на ЗАПИСА
Създаване/Редакция Създаване
Дата на регистрацията/редакция 15.01.2003
Служител, извършил регистрацията/редакцията Наталия_Медовщикова
944 ## - СЪЗДАВАНЕ И РЕДАКЦИЯ на ЗАПИСА
Създаване/Редакция Редакция
Дата на регистрацията/редакция 2023-05-19
Служител, извършил регистрацията/редакцията ГГГ
999 ## - СИСТЕМНИ КОНТРОЛНИ НОМЕРА
Koha biblioitemnumber 21217
Наличности
Код за отписване Код за изгубен артикул Източник на класификационната схема Код за повреда Коз за рестрикции Код за отдаване Артикулен № Име на библиотеката - собственик Име на библиотеката, в която се намира в момента Статус (Текущо местоположение) Дата на вписване в системата Местоположение - отдел Цена в лева Инвентарен номер Систематично азбучна сигнатура Баркод Номер на екземпляра Цена в евро Служебна бележка Служебен тип на артикула
Изтеглен Не е изгубен Universal Decimal Classification Не е повреден без рестрикции заемане за дома 35060 Регионална библиотека "Любен Каравелов" Русе Регионална библиотека "Любен Каравелов" Русе Заемна - подръчен фонд 2001-01-01 Заемна - подръчен фонд 3.50 640504 П 820(73)-31/Д 37 640504 1 1.79 Дост: Pk Вид: Ф N: стар фонд Дата: 01.01.1998 Книги
Изтеглен Не е изгубен Universal Decimal Classification Не е повреден без рестрикции заемане за дома 690346 Регионална библиотека "Любен Каравелов" Русе Регионална библиотека "Любен Каравелов" Русе Заемна - подръчен фонд 2019-02-22 Заемна - подръчен фонд 3.50   П 820(73)-31/Д 37 120000830434   1.79   Книги
  Не е изгубен Universal Decimal Classification Не е повреден само за читалня ползва се в читалня 928869 Регионална библиотека "Любен Каравелов" Русе Регионална библиотека "Любен Каравелов" Русе Хранилище 2023-05-23 Основен фонд - ползва се само за читалня 5.00 120000888113 Цб 318105 120000888113   2.56   Книги
Vip Innovations Ltd, Rousse, Bulgaria 2025